000 01555nam a2200433 i 4500
001 31128
003 KOSZ 005
005 20210914105159.0
008 970513s1990 pl a |000 0 pol
015 _aUWD 1992/4268
035 _a991001322479705066
035 _a(PL-WaBN)b1038411x-48omnis_nlop
035 _ab1038411x
035 _a(OCoLC)749201957
035 _a(PL)b0000001038411
035 _a(EXLNZ-48OMNIS_NETWORK)9910415027005606
040 _aWA N
_cWA N
_dKOSZ 005/HR
041 0 _apol
_beng
_brus
080 _a003.6
100 1 _aKaźmierczak, Elżbieta
_d(1959- )
_eAutor
245 1 0 _aGłówne choremy w semiografii :
_bkoło, kwadrat, trójkąt : zarys historyczny /
_cElżbieta Kaźmierczak ; Instytut Wzornictwa Przemysłowego, Warszawa.
250 _aWyd. 2 rozsz. i uzup.
260 _aWarszawa :
_bIWP,
_c1990.
300 _a128 s. :
_brys. ;
_c22 cm.
336 _aTekst
_btxt
_2rdacontent
337 _aBez urządzenia pośredniczącego
_bn
_2rdamedia
338 _aWolumin
_bnc
_2rdacarrier
380 _aKsiążki
388 _a1901-2000
388 _a1989-2000
490 1 _aBiblioteka Wzornictwa,
_x0860-4320 ;
_v19
504 _aBibliogr. s. 124-126. - Rez., summ.
650 7 _aZnaki graficzne
_2DBN
710 2 _aInstytut Wzornictwa Przemysłowego
830 0 _aBiblioteka Wzornictwa
_v19
856 _uhttp://koha.tu.koszalin.pl/cgi-bin/koha/opac-detail.pl?biblionumber=31128
_yKatalog online BPK
942 _2UKD
_cKS
999 _c31128
_d31128